| 000 | 01129cam a2200229 4500 | ||
|---|---|---|---|
| 001 | WB4014-16 | ||
| 008 | 040413n2004 000 0 eng u | ||
| 035 | _a(Sirsi) u125813 | ||
| 245 | _aNew public space trust launched | ||
| 260 | _c2004 | ||
| 490 |
_aEnglish Partnerships Press Release _v 6 April 2004, (2) |
||
| 520 | _aThe Deputy Prime Minister announced the launch of the Land Restoration Trust this week. The Trust is a partnership between the English Partnerships, Groundwork, the Forestry Commission and the Environment Agency. Over the next decade the Trust aims to transform up to 10 000 hectares of derelict, neglected or under-used brownfield land into accessible, open green spaces to benefit local communities. For the English Partnership press Release: http://www.englishpartnerships.co.uk/page.aspx?the Lang=001lngdef&pointerid=D64D8F1027EB45BAAAC6CF71A 91F1DDD | ||
| 590 | _aWB | ||
| 590 | _aWB | ||
| 650 | _aLAND RESTORATION TRUST | ||
| 650 | _aENGLISH PARTNERSHIPS | ||
| 650 | _aFORESTRY COMMISSION | ||
| 650 | _aGROUNDWORK | ||
| 650 | _aGREEN SPACES | ||
| 690 | _aREGENERATION | ||
| 942 | _n0 | ||
| 999 |
_c117195 _d117195 |
||